[Event "Oberliga NRW 0506"]
[Site "Germany"]
[Date "2005.11.06"]
[Round "3.5"]
[White "Heisel, Guido"]
[Black "Schuh, Dirk"]
[Result "1-0"]
[WhiteElo "2282"]
[BlackElo "2270"]
[PlyCount "83"]
[EventDate "2005.09.25"]
[EventType "team-tourn"]
[EventRounds "9"]
[EventCountry "GER"]
[SourceTitle "EXT 2007"]
[Source "ChessBase"]
[SourceDate "2006.11.23"]
[SourceVersion "1"]
[SourceVersionDate "2006.11.23"]
[SourceQuality "1"]
[WhiteTeam "Duisburg PSV"]
[BlackTeam "Werther"]
[WhiteTeamCountry "GER"]
[BlackTeamCountry "GER"]

1. d4 Nf6 2. Bg5 e6 3. e4 c5 4. e5 h6 5. Bc1 Nd5 6. c4 Nb4 7. dxc5 Bxc5 8. Nc3 N4c6 9. Nf3 d6 10. exd6 Qxd6 11. Bd2 Qe7 12. a3 a6 13. Bd3 Nd7 14. 0-0 0-0 15. Qe2 Nf6 16. Rad1 e5 17. b4 Nd4 18. Nxd4 Bxd4 19. h3 Bd7 20. Bc2 Rad8 21. Rfe1 Rfe8 22. Ne4 Bf5 23. Qf3 Bxe4 24. Bxe4 Nxe4 25. Qxe4 Qd7 26. Be3 Re6 27. c5 Qe7 28. Kh2 Rd7 29. Rd3 Bxe3 30. Rexe3 Rxd3 31. Rxd3 Qc7 32. g3 g6 33. Qe3 Kg7 34. Qd2 Qc6 35. Rd6 Qe8 36. Qd5 Re7 37. Kg2 Qa4 38. Rb6 Qd7 39. Qxd7 Rxd7 40. c6 Rd8 41. cxb7 Rb8 42. Kf3 1-0